Ranking WTA 2024 - TOP 50 - Statystyki

Ogólne statystyki
  • Ten quiz został rozwiązany 212 razy
  • Średni wynik to 21 z 50
Statystyki odpowiedzi
Miejsce Zawodniczka Kraj Punkty % Poprawnych
1 Iga Świątek Polska 11585
100%
3 Aryna Sabalenka Białoruś 7841
93%
2 Coco Gauff Stany Zjednoczone 7943
93%
4 Elena Rybakina Kazachstan 6026
90%
7 Jasmine Paolini Włochy 4141
79%
10 Ons Jabeur Tunezja 3801
79%
9 Maria Sakkari Grecja 3805
77%
5 Jessica Pegula Stany Zjednoczone 5025
75%
12 Jeļena Ostapenko Łotwa 3058
73%
43 Magda Linette Polska 1291
72%
8 Qinwen Zheng Chiny 4055
71%
21 Elina Svitolina Ukraina 2100
68%
16 Victoria Azarenka Białoruś 2399
61%
20 Beatriz Haddad Maia Brazylia 2218
57%
11 Danielle Collins Stany Zjednoczone 3532
53%
13 Madison Keys Stany Zjednoczone 2981
52%
33 Karolína Muchová Czechy 1618
50%
6 Markéta Vondroušová Czechy 4463
50%
18 Marta Kostyuk Ukraina 2240
50%
24 Caroline Garcia Francja 1938
43%
14 Daria Kasatkina Rosja 2891
41%
46 Donna Vekić Chorwacja 1251
41%
29 Leylah Fernandez Kanada 1703
37%
32 Elise Mertens Belgia 1629
36%
19 Emma Navarro Stany Zjednoczone 2236
36%
23 Mirra Andreeva Rosja 2018
36%
45 Karolína Plíšková Czechy 1255
32%
50 Viktoriya Tomova Bułgaria 1136
32%
28 Katie Boulter Wielka Brytania 1748
30%
25 Linda Nosková Czechy 1775
30%
40 Xinyu Wang Chiny 1411
29%
15 Ludmilla Samsonova Rosja 2830
28%
30 Sorana Cîrstea Rumunia 1675
28%
34 Yulia Putintseva Kazachstan 1553
28%
26 Dayana Yastremska Ukraina 1760
26%
47 Anhelina Kalinina Ukraina 1246
25%
17 Anna Kalinskaya Rosja 2310
24%
36 Veronika Kudermetova Rosja 1488
23%
22 Ekaterina Alexandrova Rosja 2053
22%
35 Kateřina Siniaková Czechy 1546
22%
37 Marie Bouzková Czechy 1465
22%
48 Sofia Kenin Stany Zjednoczone 1220
21%
39 Anastasia Potapova Rosja 1415
19%
49 Sloane Stephens Stany Zjednoczone 1217
19%
41 Elisabetta Cocciaretto Włochy 1328
17%
27 Anastasia Pavlyuchenkova Rosja 1756
15%
42 Diana Shnaider Rosja 1298
15%
31 Barbora Krejčíková Czechy 1643
10%
38 Yue Yuan Chiny 1452
8%
44 Clara Burel Francja 1288
7%
Nie znaleziono quizów pasujących do podanych kryteriów
Rozkład punktacji
Procent ludzi z każdym wynikiem
Percentyl według liczby udzielonych odpowiedzi
Twoja historia wyników
Nie rozwiązałeś tego quizu